| 000 | 01135cab a2200361 4500 | ||
|---|---|---|---|
| 001 | ABS56580 | ||
| 008 | 090401t1996 xxu||||| |||| 00| 0 eng d | ||
| 035 | _a(Sirsi) u24661 | ||
| 041 | _aeng | ||
| 100 | _aWilson, P. | ||
| 245 | _aAre real estate and securities markets integrated? Some Australian evidence | ||
| 260 | _c1996 | ||
| 350 | _a0 | ||
| 490 |
_aJournal of Property Valuation and Investment _v14(5) 1996 7-24(18) |
||
| 520 | _aUses cointegration techniques to examine the extent to which physical real estate markets and financial assets markets are integrated. References. | ||
| 650 | _aARBITRAGE PRICING MODEL | ||
| 650 | _aASSET REALLOCATION | ||
| 650 | _aAUSTRALIA | ||
| 650 | _aCAPITAL ASSET PRICING MODEL | ||
| 650 | _aCAPM | ||
| 650 | _aEQUITIES MARKETS | ||
| 650 | _aINTEGRATION | ||
| 650 | _aPROPERTY INVESTMENT | ||
| 650 | _aPROPERTY MARKETS | ||
| 650 | _aREAL ESTATE | ||
| 650 | _aSECURITIES MARKETS | ||
| 690 | _aPROPERTY-PROPERTY FINANCE AND INVESTMENT | ||
| 690 | _aOVERSEAS-REST OF THE WORLD | ||
| 700 | _aOkunev, J | ||
| 700 | _aTa, G | ||
| 942 | _n0 | ||
| 948 | _c04/03/1997 | ||
| 999 |
_c16544 _d16544 |
||